[Event "ARA Cto de Aragon por Equipos Division "]
[Site "Aragon"]
[Date "2021.04.17"]
[Round "5.15"]
[White "Hinojar Basa, Alfonso"]
[Black "Del Rey, Diego"]
[Result "1/2-1/2"]
[WhiteElo "2163"]
[BlackElo "2383"]
[PlyCount "85"]
[EventDate "2021.03.13"]
[WhiteTeam "Marcos Frechin"]
[BlackTeam "El Olivar"]

1. e4 c6 2. d4 d5 3. e5 c5 4. dxc5 e6 5. a3 Bxc5 6. b4 Bb6 7. Qg4 Kf8 8. Nf3 a5
9. Bb2 axb4 10. axb4 Rxa1 11. Bxa1 Nc6 12. Bd3 Qe7 13. b5 Qb4+ 14. Qxb4+ Nxb4
15. Bd4 Bxd4 16. Nxd4 f6 17. f4 Nxd3+ 18. cxd3 Nh6 19. Nd2 Ke7 20. N2f3 Bd7 21.
Kd2 Ra8 22. Rc1 Kd8 23. h3 Ra4 24. Kc3 Nf7 25. Kb3 Ra8 26. Re1 f5 27. h4 Kc7
28. Ng5 Nxg5 29. hxg5 Kb6 30. Rh1 Kc5 31. Nc2 Bxb5 32. d4+ Kb6 33. Rxh7 Ba4+
34. Kb2 Bxc2 35. Kxc2 Rg8 36. Kb3 Kb5 37. g6 b6 38. g3 Ka5 39. Rh2 b5 40. Ra2+
Kb6 41. Rh2 Rc8 42. Rh7 Rg8 43. Rh2 1/2-1/2

[Event "ARA Cto de Aragon por Equipos Division "]
[Site "Aragon"]
[Date "2021.04.17"]
[Round "5.16"]
[White "Villuendas Valero, Adrian"]
[Black "Ciriano Lamban, Alejandro"]
[Result "1-0"]
[WhiteElo "2249"]
[BlackElo "2030"]
[PlyCount "93"]
[EventDate "2021.03.13"]
[WhiteTeam "El Olivar"]
[BlackTeam "Marcos Frechin"]

1. e4 c5 2. Nc3 Nc6 3. f4 g6 4. Nf3 Bg7 5. Bb5 Nd4 6. O-O Nxb5 7. Nxb5 d5 8. e5
a6 9. Nc3 Bf5 10. d4 c4 11. Qe2 Qd7 12. h3 h5 13. Nd1 Nh6 14. Nf2 Rc8 15. Nh2
c3 16. b3 Qb5 17. Re1 Qxe2 18. Rxe2 Bd7 19. g4 b5 20. Ba3 a5 21. Bc5 b4 22. a3
Bb5 23. Ree1 hxg4 24. hxg4 Rxc5 25. dxc5 Kd7 26. axb4 axb4 27. Red1 Kc6 28. Nd3
Bxd3 29. Rxd3 e6 30. Kg2 Rb8 31. Kg3 Bf8 32. Nf3 Bxc5 33. Rdd1 Ng8 34. Ng5 Ne7
35. Kf3 d4 36. Ne4 Bb6 37. Nf6 Rd8 38. Ke4 Rh8 39. Rh1 Rd8 40. Rh3 Nc8 41. Kd3
Na7 42. Rh7 Nb5 43. Rxf7 Na3 44. Ra2 Kb5 45. Re7 Bc5 46. Re8 Rxe8 47. Nxe8 1-0

[Event "ARA Cto de Aragon por Equipos Division "]
[Site "Aragon"]
[Date "2021.04.17"]
[Round "5.17"]
[White "Moya Gimeno, Raul"]
[Black "Hernando Garcia, Antonio"]
[Result "0-1"]
[WhiteElo "1870"]
[BlackElo "2097"]
[PlyCount "180"]
[EventDate "2021.03.13"]
[WhiteTeam "Marcos Frechin"]
[BlackTeam "El Olivar"]

1. e4 c5 2. Nf3 e6 3. d3 Nc6 4. g3 g6 5. Bg2 Bg7 6. O-O Nge7 7. Re1 O-O 8. Nbd2
d5 9. e5 b6 10. Nf1 Bb7 11. h4 h5 12. Bf4 Nf5 13. Qd2 Qc7 14. N1h2 Ncd4 15.
Nxd4 cxd4 16. Bh3 Rfc8 17. Bxf5 exf5 18. Rac1 Qc5 19. Nf3 a5 20. Bh6 Re8 21.
Bxg7 Kxg7 22. Qg5 Re6 23. Qf4 Rae8 24. Nxd4 R6e7 25. c3 Bc8 26. Kh2 Kh7 27. Rc2
b5 28. Nf3 b4 29. Rec1 Be6 30. cxb4 Qxb4 31. Qg5 Qg4 32. Qxg4 fxg4 33. Ng5+ Kg8
34. Rc5 a4 35. Nxe6 fxe6 36. Ra5 Rb8 37. Rc2 Reb7 38. Rxa4 Rxb2 39. Rxb2 Rxb2
40. Kg2 Rd2 41. d4 Kf7 42. Kf1 g5 43. Ke1 Rd3 44. Ke2 Rc3 45. hxg5 Kg6 46. Ra6
Kxg5 47. Rxe6 Rc2+ 48. Kf1 Rxa2 49. Rd6 Ra5 50. Rf6 Ra4 51. Rf4 h4 52. e6 Ra6
53. e7 Re6 54. f3 gxf3 55. Rxh4 Rxe7 56. Rf4 Re3 57. Kf2 Rd3 58. Ke1 Kh5 59.
Kf1 Rd2 60. Ke1 Re2+ 61. Kf1 Re4 62. Rxf3 Rxd4 63. Ke2 Kg4 64. Ra3 Kf5 65. Ke3
Rc4 66. Rd3 Ke5 67. Kf3 d4 68. g4 Rc1 69. Ra3 Rf1+ 70. Ke2 Rg1 71. Kf3 Kd5 72.
Ra8 Kc4 73. Rc8+ Kd3 74. Rd8 Kc3 75. Kf4 d3 76. Kf5 d2 77. Rc8+ Kb4 78. Rd8
d1=Q 79. Rxd1 Rxd1 80. g5 Kc5 81. Ke5 Rg1 82. Kf6 Kd6 83. g6 Rf1+ 84. Kg7 Ke7
85. Kg8 Rf8+ 86. Kh7 Ra8 87. Kg7 Rb8 88. Kh6 Kf6 89. Kh7 Ra8 90. g7 Kf7 0-1

[Event "ARA Cto de Aragon por Equipos Division "]
[Site "Aragon"]
[Date "2021.04.17"]
[Round "5.18"]
[White "Galstyan, David"]
[Black "Sanz Parron, Laura"]
[Result "1/2-1/2"]
[WhiteElo "1816"]
[BlackElo "1508"]
[PlyCount "101"]
[EventDate "2021.03.13"]
[WhiteTeam "El Olivar"]
[BlackTeam "Marcos Frechin"]

1. e4 c5 2. Nc3 g6 3. f4 Bg7 4. Nf3 Nc6 5. Bb5 e6 6. Bxc6 bxc6 7. e5 d5 8. d3
Ne7 9. O-O O-O 10. Qe1 f6 11. exf6 Bxf6 12. Ne5 Qd6 13. Ng4 Bg7 14. Ne2 Nf5 15.
Rb1 Bd7 16. Ne3 Rab8 17. Nxf5 exf5 18. b3 Rfe8 19. Qf2 Qe7 20. Re1 Bd4 21. Nxd4
Qxe1+ 22. Qxe1 Rxe1+ 23. Kf2 Rxc1 24. Rxc1 cxd4 25. Rd1 Kf7 26. g3 Kf6 27. h4
h6 28. Kf3 Re8 29. Kf2 c5 30. Kf3 a5 31. a4 Bc8 32. Kf2 Ba6 33. Kf3 Re3+ 34.
Kf2 g5 35. hxg5+ hxg5 36. Rh1 Kg6 37. Rh8 gxf4 38. gxf4 Bxd3 39. cxd3 Rxd3 40.
Rd8 Rxb3 41. Rd6+ Kh5 42. Rxd5 Kg4 43. Rxc5 Kxf4 44. Rxa5 Rb2+ 45. Ke1 d3 46.
Kd1 Ke4 47. Ra8 f4 48. a5 Ke3 49. Re8+ Kf2 50. Rh8 Ke3 51. Re8+ 1/2-1/2

[Event "ARA Cto de Aragon por Equipos Division "]
[Site "Aragon"]
[Date "2021.04.17"]
[Round "5.19"]
[White "Garza Marco, Sergio"]
[Black "Accattato Martin, Mario"]
[Result "0-1"]
[WhiteElo "2399"]
[BlackElo "2248"]
[PlyCount "58"]
[EventDate "2021.03.13"]
[WhiteTeam "Helios"]
[BlackTeam "Monzon"]

1. d4 d5 2. c4 c6 3. Nf3 Nf6 4. Nc3 g6 5. cxd5 cxd5 6. Bf4 Ne4 7. h4 Nc6 8. h5
Bg7 9. e3 Bg4 10. Qb3 Nxc3 11. bxc3 O-O 12. hxg6 fxg6 13. Be2 Na5 14. Qb4 Bxf3
15. gxf3 Rc8 16. Bd3 Nc6 17. Qxb7 Qa5 18. Rc1 Nxd4 19. exd4 Rxc3 20. Rxc3 Qxc3+
21. Ke2 Rxf4 22. Qxd5+ Kh8 23. Bxg6 h6 24. Be4 Qb2+ 25. Kf1 Rf8 26. Rh5 Qd2 27.
Qe6 Bf6 28. Qf5 Qd1+ 29. Kg2 Rg8+ 0-1

[Event "ARA Cto de Aragon por Equipos Division "]
[Site "Aragon"]
[Date "2021.04.17"]
[Round "5.20"]
[White "Arrieta Restrepo, Steven"]
[Black "Cerrajeria Ruiz, Jesus Maria"]
[Result "1-0"]
[WhiteElo "2052"]
[BlackElo "2125"]
[PlyCount "83"]
[EventDate "2021.03.13"]
[WhiteTeam "Monzon"]
[BlackTeam "Helios"]

1. e4 c5 2. Nc3 Nc6 3. Bb5 a6 4. Bxc6 bxc6 5. d3 d5 6. f4 Nf6 7. Qe2 Bg4 8. Nf3
d4 9. Nb1 e6 10. O-O Be7 11. Nbd2 O-O 12. b3 Bxf3 13. Qxf3 Qc7 14. Nc4 a5 15.
a4 Nd7 16. Bd2 f5 17. Rae1 Bh4 18. g3 Bf6 19. exf5 exf5 20. Re6 Ra6 21. Rfe1
Rfa8 22. h3 Nf8 23. R6e2 g6 24. g4 Bh4 25. Rf1 fxg4 26. Qxg4 Bd8 27. f5 Qg7 28.
fxg6 hxg6 29. Nd6 R6a7 30. Rxf8+ Qxf8 31. Re8 Bf6 32. Rxf8+ Rxf8 33. Ne4 Rh7
34. Qe6+ Kg7 35. Bf4 Bd8 36. Bd6 Rf7 37. Bxc5 Kh6 38. Bxd4 Rf3 39. Kg2 Rhf7 40.
Be3+ Kg7 41. Qe5+ Kh7 42. Bd4 1-0

[Event "ARA Cto de Aragon por Equipos Division "]
[Site "Aragon"]
[Date "2021.04.17"]
[Round "5.21"]
[White "Lorente Melcon, Maximo"]
[Black "Garreta Crespo, Blas"]
[Result "1-0"]
[WhiteElo "1838"]
[BlackElo "1767"]
[PlyCount "119"]
[EventDate "2021.03.13"]
[WhiteTeam "Helios"]
[BlackTeam "Monzon"]

1. e4 d5 2. exd5 Qxd5 3. Nc3 Qd8 4. d4 c6 5. Nf3 Nf6 6. Bc4 Bf5 7. O-O e6 8.
Ne5 Nbd7 9. Re1 Nxe5 10. dxe5 Qxd1 11. Rxd1 Nd7 12. Bf4 Bxc2 13. Rd2 Bf5 14.
Rad1 Nb6 15. Bd3 Bxd3 16. Rxd3 Be7 17. Rg3 g6 18. Ne4 Nd5 19. Bg5 Rb8 20. Rf3
h6 21. Bxe7 Kxe7 22. Nd6 f6 23. Nc4 b5 24. exf6+ Nxf6 25. Ne5 Rhc8 26. Nxg6+
Kf7 27. Ne5+ Kg7 28. Rg3+ Kh7 29. Rg6 Rd8 30. Re1 Rf8 31. Rg3 Rbc8 32. h3 c5
33. Rb3 b4 34. Nc4 Rc6 35. Rbe3 Re8 36. Rf3 Rf8 37. Rd1 Ra6 38. a3 bxa3 39.
bxa3 Rc6 40. Rb1 Rc7 41. Re1 Rc6 42. Ne5 Rc7 43. Ng4 Nd7 44. Rfe3 e5 45. Nxe5
Nb6 46. Rc1 Nd5 47. Rf3 Rxf3 48. gxf3 Nf4 49. Rc4 Nxh3+ 50. Kg2 Ng5 51. f4 Ne6
52. f5 Nd4 53. f6 Kg8 54. Kg3 Kf8 55. Kg4 Ne6 56. Kf5 Nd8 57. Kg6 a6 58. Rh4
Ne6 59. Rxh6 Nf4+ 60. Kf5 1-0

[Event "ARA Cto de Aragon por Equipos Division "]
[Site "Aragon"]
[Date "2021.04.17"]
[Round "5.22"]
[White "Garreta Nieto, Maria"]
[Black "Lorente Melcon, Nicolas"]
[Result "1-0"]
[WhiteElo "1759"]
[BlackElo "1681"]
[PlyCount "68"]
[EventDate "2021.03.13"]
[WhiteTeam "Monzon"]
[BlackTeam "Helios"]

1. d4 Nf6 2. Nf3 d5 3. c4 e6 4. Nc3 Be7 5. Bg5 b6 6. e3 Nbd7 7. Be2 Bb7 8. O-O
O-O 9. Rc1 c5 10. a3 Rc8 11. cxd5 exd5 12. Bb5 Nb8 13. Ne5 a6 14. Bd3 h6 15.
Bh4 Nbd7 16. Bf5 cxd4 17. exd4 Ra8 18. Re1 Re8 19. f4 g6 20. Bxd7 Nxd7 21. Bxe7
Rxe7 22. Qg4 Nxe5 23. fxe5 h5 24. Qf3 Rc8 25. Rf1 Rc4 26. Rcd1 b5 27. Rd2 Rd7
28. h3 b4 29. axb4 Rxb4 30. Qf4 Re7 31. Qf6 Bc8 32. Nxd5 Qxd5 33. Qxe7 Bb7 34.
e6 Qxe6 1-0

[Event "ARA Cto de Aragon por Equipos Division "]
[Site "Aragon"]
[Date "2021.04.17"]
[Round "5.23"]
[White "Sierra Aguerri, Joaquin"]
[Black "Ruperez Benito, Antonio"]
[Result "0-1"]
[WhiteElo "2101"]
[BlackElo "2363"]
[PlyCount "66"]
[EventDate "2021.03.13"]
[WhiteTeam "Tauste"]
[BlackTeam "Palacio de Pioneros A"]

1. c4 e6 2. g3 d5 3. Bg2 c5 4. Nf3 d4 5. b4 cxb4 6. a3 b3 7. d3 Nc6 8. Nbd2 Nf6
9. O-O Be7 10. Nxb3 e5 11. Bg5 O-O 12. Nfd2 Bf5 13. Bxf6 Bxf6 14. c5 Be7 15.
Nc4 Be6 16. Qc2 Bd5 17. Rfc1 Bxg2 18. Kxg2 Qd5+ 19. Kg1 h5 20. Nca5 h4 21. Qc4
Qd7 22. Rab1 g6 23. Qb5 Rab8 24. Nd2 a6 25. Qa4 Kg7 26. Nxc6 hxg3 27. fxg3 Bg5
28. Rc2 Be3+ 29. Kh1 bxc6 30. Rb6 Rh8 31. Rxb8 Rxb8 32. Kg2 Rh8 33. h4 Rxh4 0-1

[Event "ARA Cto de Aragon por Equipos Division "]
[Site "Aragon"]
[Date "2021.04.17"]
[Round "5.24"]
[White "Palacios Herrero, Pablo"]
[Black "Fernandez Rubio, Rafael"]
[Result "1/2-1/2"]
[WhiteElo "2243"]
[BlackElo "2066"]
[PlyCount "113"]
[EventDate "2021.03.13"]
[WhiteTeam "Palacio de Pioneros A"]
[BlackTeam "Tauste"]

1. e4 d5 2. exd5 Qxd5 3. Nc3 Qa5 4. d4 c6 5. Nf3 Bf5 6. Ne5 Nf6 7. g4 Be6 8.
Nc4 Qc7 9. Ne3 Nbd7 10. g5 Nd5 11. Nexd5 Bxd5 12. Nxd5 cxd5 13. Bd3 e6 14. Qf3
Bb4+ 15. Kf1 Nb6 16. Kg2 O-O-O 17. a4 h6 18. a5 Nc4 19. Ra4 Bd6 20. Bxc4 dxc4
21. a6 b5 22. Ra5 Qb6 23. b3 Bc7 24. Qb7+ Qxb7+ 25. axb7+ Kxb7 26. Rxb5+ Bb6
27. gxh6 gxh6 28. c3 cxb3 29. Kf3 Kc6 30. Rxb3 Kd5 31. Rb4 Rc8 32. Bd2 Rc4 33.
Rb5+ Kc6 34. Rhb1 f5 35. Re5 Kd7 36. d5 exd5 37. Rxd5+ Ke6 38. Rbb5 f4 39. Re5+
Kd7 40. Rb4 Rhc8 41. Rh5 Rxb4 42. cxb4 Rc2 43. Bxf4 Rxf2+ 44. Ke4 Rb2 45. b5
Rb4+ 46. Kf3 Rb3+ 47. Ke2 Rb2+ 48. Kd3 Bg1 49. Kc3 Rf2 50. Bxh6 Rxh2 51. Rxh2
Bxh2 52. Be3 Bb8 53. Kb4 Kc8 54. Ka5 Kb7 55. Bd4 Bc7+ 56. Ka4 Bd6 57. Bxa7
1/2-1/2

[Event "ARA Cto de Aragon por Equipos Division "]
[Site "Aragon"]
[Date "2021.04.17"]
[Round "5.25"]
[White "Turon Perez, David"]
[Black "Romero Pallares, Daniel"]
[Result "0-1"]
[WhiteElo "1868"]
[BlackElo "2203"]
[PlyCount "46"]
[EventDate "2021.03.13"]
[WhiteTeam "Tauste"]
[BlackTeam "Palacio de Pioneros A"]

1. e4 c5 2. Nf3 Nc6 3. d4 cxd4 4. Nxd4 Nf6 5. Nc3 h5 6. h3 e5 7. Nxc6 bxc6 8.
Bc4 Bb7 9. Bg5 Be7 10. Qe2 Qa5 11. O-O h4 12. Rad1 Rd8 13. Rfe1 Qc7 14. Qf3 d6
15. Bb3 Bc8 16. Qe2 Nh5 17. Qe3 Bxg5 18. Qxg5 Qe7 19. Qxe7+ Kxe7 20. Rd2 Rh6
21. Kh2 Rg6 22. Ne2 Ba6 23. Ng1 Nf4 0-1

[Event "ARA Cto de Aragon por Equipos Division "]
[Site "Aragon"]
[Date "2021.04.17"]
[Round "5.26"]
[White "Baquedano Coarasa, Pablo"]
[Black "Muro Turon, Raul"]
[Result "1/2-1/2"]
[WhiteElo "2165"]
[BlackElo "1842"]
[PlyCount "109"]
[EventDate "2021.03.13"]
[WhiteTeam "Palacio de Pioneros A"]
[BlackTeam "Tauste"]

1. d4 Nf6 2. c4 e6 3. Nc3 Bb4 4. e3 b6 5. Nge2 Ne4 6. Qc2 Bb7 7. a3 Bxc3+ 8.
Nxc3 Nxc3 9. Qxc3 O-O 10. b3 d6 11. Bb2 Nd7 12. Qc2 Qh4 13. O-O-O a5 14. f3 Qh6
15. Qd2 d5 16. Kb1 Rfc8 17. Bd3 c5 18. e4 Qxd2 19. Rxd2 cxd4 20. exd5 exd5 21.
Bf5 Rc7 22. Rxd4 g6 23. Bxd7 Rxd7 24. Rhd1 Rad8 25. R4d2 f5 26. Bf6 Rf8 27. Bh4
a4 28. b4 Rc8 29. cxd5 Rc3 30. Kb2 Rb3+ 31. Ka2 Kf7 32. d6 b5 33. Rc1 Re3 34.
Rc7 Ke8 35. Bg3 g5 36. Bf2 Re5 37. Rxd7 Kxd7 38. Bc5 h5 39. Kb2 g4 40. fxg4
fxg4 41. Rf2 Bd5 42. Kc3 Ke6 43. Kd4 Bc4 44. Kc3 Bd5 45. Kd2 Bc6 46. g3 Bf3 47.
Kd3 Rd5+ 48. Ke3 Re5+ 49. Kd4 Re4+ 50. Kd3 Re5 51. Kc3 Rd5 52. Rf1 Re5 53. Rf2
Rd5 54. Rf1 Re5 55. Rf2 1/2-1/2

[Event "ARA Cto de Aragon por Equipos Division "]
[Site "Aragon"]
[Date "2021.04.17"]
[Round "5.27"]
[White "Llanes Luno, Ricardo"]
[Black "Dominguez Bujeda, Jesus"]
[Result "1/2-1/2"]
[WhiteElo "2199"]
[BlackElo "2086"]
[PlyCount "48"]
[EventDate "2021.03.13"]
[WhiteTeam "Delicias"]
[BlackTeam "Teruel"]

1. e4 c5 2. Nf3 Nc6 3. d4 cxd4 4. Nxd4 g6 5. Nc3 Bg7 6. Be3 Nf6 7. Nxc6 bxc6 8.
e5 Ng8 9. f4 Nh6 10. Bc4 O-O 11. O-O d6 12. exd6 exd6 13. Bd4 Bxd4+ 14. Qxd4
Nf5 15. Qf2 d5 16. Bb3 Qf6 17. Rfe1 Nd6 18. Rad1 Rd8 19. Qc5 Bg4 20. Qd4 Qxd4+
21. Rxd4 Re8 22. Rxe8+ Rxe8 23. h3 Bf5 24. Ba4 Rc8 1/2-1/2

[Event "ARA Cto de Aragon por Equipos Division "]
[Site "Aragon"]
[Date "2021.04.17"]
[Round "5.28"]
[White "Arpa Pardos, Emilio"]
[Black "Fabre Perez, Jose Maria"]
[Result "0-1"]
[WhiteElo "1905"]
[BlackElo "2059"]
[PlyCount "90"]
[EventDate "2021.03.13"]
[WhiteTeam "Teruel"]
[BlackTeam "Delicias"]

1. e4 c5 2. Nf3 Nc6 3. d4 cxd4 4. Nxd4 g6 5. Nc3 Bg7 6. Be3 Nf6 7. Be2 O-O 8.
O-O d5 9. exd5 Nxd5 10. Nxd5 Nxd4 11. Bxd4 Qxd5 12. Bxg7 Qxd1 13. Rfxd1 Kxg7
14. Bf3 Bf5 15. c3 Rad8 16. Kf1 Bc2 17. Rxd8 Rxd8 18. Rc1 Bf5 19. Rd1 Rxd1+ 20.
Bxd1 Be4 21. f3 Bd5 22. a3 e5 23. Ke2 f5 24. Kd3 Kf6 25. c4 Bc6 26. b4 g5 27.
b5 Bd7 28. a4 Ke6 29. Kc3 Kd6 30. Kb4 b6 31. Bc2 h5 32. g3 f4 33. gxf4 exf4 34.
Be4 g4 35. fxg4 Bxg4 36. a5 f3 37. a6 f2 38. Bg2 Be2 39. Kc3 f1=Q 40. Bxf1 Bxf1
41. Kd4 h4 42. Ke4 h3 43. Kd4 Bg2 44. Kd3 Kc5 45. Kc3 Bf1 0-1

[Event "ARA Cto de Aragon por Equipos Division "]
[Site "Aragon"]
[Date "2021.04.17"]
[Round "5.29"]
[White "Roche Simon, Manuel Angel"]
[Black "Calvo Gutierrez, Rafael"]
[Result "1-0"]
[WhiteElo "2046"]
[BlackElo "1603"]
[PlyCount "56"]
[EventDate "2021.03.13"]
[WhiteTeam "Delicias"]
[BlackTeam "Teruel"]

1. e4 c5 2. Nf3 d6 3. d4 cxd4 4. Nxd4 Nf6 5. Nc3 g6 6. Be3 Bg7 7. f3 O-O 8. Bc4
Nc6 9. Bb3 a6 10. g4 Na5 11. g5 Nd7 12. f4 Nxb3 13. axb3 e5 14. Ndb5 exf4 15.
Bxf4 Be5 16. Qd2 Qe7 17. Nxd6 Nb6 18. Nxc8 Raxc8 19. Bxe5 Qxe5 20. O-O-O a5 21.
Kb1 Ra8 22. Qd6 Qxd6 23. Rxd6 Ra6 24. Nd5 Nc8 25. Rxa6 bxa6 26. Rd1 Kg7 27. Nf6
Ne7 28. Rd6 Ra8 1-0

[Event "ARA Cto de Aragon por Equipos Division "]
[Site "Aragon"]
[Date "2021.04.17"]
[Round "5.30"]
[White "Perez Dominguez, Carlos Gines"]
[Black "Llanes Luno, Pedro Alfredo"]
[Result "0-1"]
[WhiteElo "1571"]
[BlackElo "2005"]
[PlyCount "102"]
[EventDate "2021.03.13"]
[WhiteTeam "Teruel"]
[BlackTeam "Delicias"]

1. c4 Nf6 2. g3 g6 3. Bg2 Bg7 4. d4 O-O 5. Nc3 d6 6. e4 Nc6 7. Nge2 e5 8. d5
Ne7 9. O-O Nh5 10. f4 c6 11. Be3 c5 12. Qd2 f5 13. fxe5 Bxe5 14. Bh6 Rf7 15.
Nf4 Nxf4 16. Bxf4 Bd4+ 17. Kh1 Bxc3 18. Qxc3 fxe4 19. Bxe4 Bh3 20. Bg2 Bxg2+
21. Kxg2 Nf5 22. Rae1 Qf8 23. h4 Nd4 24. Re4 h6 25. Qd3 Kg7 26. Rfe1 g5 27.
hxg5 hxg5 28. Bxg5 Rf2+ 29. Kh1 Qf5 30. Re7+ Kg6 31. Qxf5+ Nxf5 32. Be3 Rh8+
33. Kg1 Rxb2 34. Re6+ Kh5 35. Bf4 Nd4 36. R6e3 Kg4 37. Bxd6 Nf3+ 38. Rxf3 Kxf3
39. Rf1+ Ke4 40. Re1+ Kd3 41. Be5 Rbh2 42. Bxh8 Rxh8 43. d6 Kxc4 44. d7 Rd8 45.
Rd1 Kb5 46. g4 Kc6 47. Kg2 Rxd7 48. Rxd7 Kxd7 49. Kf3 Ke6 50. Ke4 Kf6 51. Kd5
b6 0-1

[Event "Cto de Aragon por Equipos Preferente"]
[Site "?"]
[Date "2021.04.17"]
[Round "5.31"]
[White "Veras Sanz, Marino"]
[Black "Juberias Segura, Santiago"]
[Result "1/2-1/2"]
[WhiteElo "2073"]
[BlackElo "2006"]
[PlyCount "38"]
[EventDate "2021.03.13"]
[WhiteTeam "El Olivar B"]
[BlackTeam "Utebo San Lamberto"]

1. Nf3 Nf6 2. g3 g6 3. Bg2 Bg7 4. O-O O-O 5. d4 d6 6. c4 c5 7. Nc3 Nc6 8. h3 h6
9. b3 cxd4 10. Nxd4 Nxd4 11. Qxd4 d5 12. cxd5 Nxd5 13. Qxd5 Qxd5 14. Bxd5 Bxc3
15. Bxh6 Rd8 16. Rac1 Rxd5 17. Rxc3 Bxh3 18. Rfc1 Rad8 19. Be3 b6 1/2-1/2

[Event "Cto de Aragon por Equipos Preferente"]
[Site "?"]
[Date "2021.04.17"]
[Round "5.32"]
[White "Olivan Lopez, Dario"]
[Black "Gracia Campo, Carlos Alberto"]
[Result "1-0"]
[WhiteElo "1910"]
[BlackElo "2065"]
[PlyCount "63"]
[EventDate "2021.03.13"]
[WhiteTeam "Utebo San Lamberto"]
[BlackTeam "El Olivar B"]

1. e4 d6 2. d4 Nf6 3. Nc3 g6 4. Bg5 Bg7 5. Qd2 c6 6. Bh6 O-O 7. O-O-O b5 8. f3
a5 9. h4 Qc7 10. h5 a4 11. Bxg7 Kxg7 12. hxg6 fxg6 13. Qh6+ Kf7 14. g4 Rh8 15.
e5 dxe5 16. Bd3 exd4 17. Bxg6+ hxg6 18. Qxh8 dxc3 19. Nh3 Ng8 20. Ng5+ Kf8 21.
Rh7 Qf4+ 22. Kb1 Qd2 23. Qg7+ Ke8 24. Qxg8+ Kd7 25. Rxd2+ cxd2 26. Qe6+ Kc7 27.
Qxe7+ Bd7 28. Rh1 Na6 29. Ne6+ Kc8 30. Qd8+ Kb7 31. Qxd7+ Kb6 32. Qxd2 1-0

[Event "Cto de Aragon por Equipos Preferente"]
[Site "?"]
[Date "2021.04.17"]
[Round "5.33"]
[White "Bailo Remacha, Santiago"]
[Black "Lopez Guaita, Fernando"]
[Result "0-1"]
[WhiteElo "1948"]
[BlackElo "1830"]
[PlyCount "114"]
[EventDate "2021.03.13"]
[WhiteTeam "El Olivar B"]
[BlackTeam "Utebo San Lamberto"]

1. c4 e5 2. Nc3 Nf6 3. g3 Bc5 4. Bg2 O-O 5. Nf3 e4 6. Ne5 Bd4 7. f4 d6 8. Nxf7
Rxf7 9. Nxe4 Nxe4 10. Bxe4 c6 11. e3 Bb6 12. Qh5 g6 13. Qf3 Bf5 14. Bxf5 Rxf5
15. h4 Nd7 16. g4 Rf7 17. g5 Qe7 18. Kd1 Re8 19. b3 Qe4 20. Qxe4 Rxe4 21. Rh3
d5 22. d3 Re6 23. Kc2 Rfe7 24. d4 Re4 25. c5 Bc7 26. Kd3 Nf8 27. Bd2 Ne6 28. h5
Bxf4 29. exf4 Rxd4+ 30. Kc3 Re4 31. hxg6 Nxf4 32. Bxf4 Rxf4 33. Rah1 hxg6 34.
Rh8+ Kf7 35. R1h7+ Ke6 36. Rxe7+ Kxe7 37. Rb8 Rf7 38. Rxb7+ Ke6 39. Rxf7 Kxf7
40. Kd4 Ke6 41. b4 a6 42. a4 Kd7 43. b5 cxb5 44. axb5 axb5 45. Kxd5 Kc7 46. c6
b4 47. Kc4 Kxc6 48. Kxb4 Kd5 49. Kc3 Ke4 50. Kd2 Kf4 51. Ke2 Kxg5 52. Kf3 Kh4
53. Kg2 Kg4 54. Kh2 Kf3 55. Kh3 g5 56. Kh2 g4 57. Kg1 Kg3 0-1

[Event "Cto de Aragon por Equipos Preferente"]
[Site "?"]
[Date "2021.04.17"]
[Round "5.34"]
[White "Olivan Blasco, Leonardo"]
[Black "Munoz Valles, Jorge"]
[Result "0-1"]
[WhiteElo "1370"]
[BlackElo "1668"]
[PlyCount "66"]
[EventDate "2021.03.13"]
[WhiteTeam "Utebo San Lamberto"]
[BlackTeam "El Olivar B"]

1. e4 d6 2. d4 Nf6 3. Nc3 Nbd7 4. Nf3 e5 5. dxe5 dxe5 6. Bg5 Bb4 7. Qd3 c6 8.
Be2 Qc7 9. O-O O-O 10. Nd2 b5 11. a3 Be7 12. b4 a5 13. bxa5 Rxa5 14. f4 b4 15.
axb4 Qa7+ 16. Kh1 Rxa1 17. Bxf6 Bxf6 18. Nc4 exf4 19. h3 Ne5 20. Nxe5 Bxe5 21.
Nd1 Qd4 22. Qf3 Rd8 23. Kh2 Ba6 24. Bxa6 Rxd1 25. Rxd1 Qxd1 26. Bd3 Qxf3 27.
gxf3 Bc3 28. h4 Bxb4 29. Kh3 h5 30. Kg2 Be1 31. Kh3 Kf8 32. Be2 Rd2 33. Bd3 Bg3
0-1

[Event "Cto de Aragon por Equipos Preferente"]
[Site "?"]
[Date "2021.04.17"]
[Round "5.35"]
[White "Garcia Morales, Roberto"]
[Black "Chueca Lorente, Javier"]
[Result "0-1"]
[WhiteElo "2016"]
[BlackElo "2098"]
[PlyCount "74"]
[EventDate "2021.03.13"]
[WhiteTeam "Agrupacion B"]
[BlackTeam "MyInvestor Casablanca B"]

1. e4 c5 2. b4 cxb4 3. d4 d5 4. exd5 Nf6 5. c4 bxc3 6. Nxc3 Nxd5 7. Bd2 Nc6 8.
Nf3 g6 9. Qb3 e6 10. Bc4 Nb6 11. Bb5 Bg7 12. Qa3 Qe7 13. Qxe7+ Kxe7 14. d5 Nxd5
15. Nxd5+ exd5 16. Rc1 Bd7 17. O-O Rhe8 18. Bxc6 Bxc6 19. Bb4+ Kd7 20. Rfd1 h6
21. Nd4 Re4 22. Bc5 Bxd4 23. Bxd4 Ba4 24. Rd2 Rc8 25. Rb1 Rc2 26. Rd3 Rc4 27.
Bxa7 Kc6 28. h3 Bc2 29. Rb6+ Kc7 30. Rxd5 Re1+ 31. Kh2 Bf5 32. Rf6 Be6 33. Rd2
b6 34. Rb2 Rc6 35. Rf3 Kb7 36. Ra3 Bc4 37. Rc3 Kxa7 0-1

[Event "Cto de Aragon por Equipos Preferente"]
[Site "?"]
[Date "2021.04.17"]
[Round "5.36"]
[White "Antonano Fernandez - Quincoce, Avelino"]
[Black "Carruez Berges, Santiago"]
[Result "0-1"]
[WhiteElo "2044"]
[BlackElo "1998"]
[PlyCount "80"]
[EventDate "2021.03.13"]
[WhiteTeam "MyInvestor Casablanca B"]
[BlackTeam "Agrupacion B"]

1. e4 e6 2. d4 d5 3. Nd2 Nc6 4. Ngf3 Nf6 5. e5 Nd7 6. Be2 Be7 7. O-O O-O 8. Re1
f6 9. exf6 Bxf6 10. c3 Kh8 11. Bd3 Qe8 12. Nf1 Qf7 13. Qc2 e5 14. Bxh7 e4 15.
Bxe4 dxe4 16. Qxe4 Nb6 17. Ne3 Bd7 18. b3 Rfe8 19. Qd3 Nd5 20. Bb2 Nf4 21. Qd2
Qg6 22. g3 Nh3+ 23. Kf1 Qh5 24. Ng1 Ng5 25. f4 Ne4 26. Qg2 Qh6 27. Nd5 Nxc3 28.
Nxf6 Qxf6 29. Bxc3 Nxd4 30. Bxd4 Bb5+ 31. Ne2 Qxd4 32. Qf2 Qe4 33. Kg1 Bxe2 34.
Rac1 Qd3 35. Rxc7 Bf3 36. Rf1 Bc6 37. Qb2 Qe3+ 38. Rf2 Re7 39. Rxe7 Qxe7 40.
Re2 Qc5+ 0-1

[Event "Cto de Aragon por Equipos Preferente"]
[Site "?"]
[Date "2021.04.17"]
[Round "5.37"]
[White "Serrat Claver, David"]
[Black "Cebollada Pacheco, Jesus Raul"]
[Result "1/2-1/2"]
[WhiteElo "1898"]
[BlackElo "1970"]
[PlyCount "57"]
[EventDate "2021.03.13"]
[WhiteTeam "Agrupacion B"]
[BlackTeam "MyInvestor Casablanca B"]

1. e4 e5 2. Nf3 Nc6 3. d4 exd4 4. Nxd4 Nf6 5. Nxc6 bxc6 6. e5 Qe7 7. Qe2 Nd5 8.
c4 Ba6 9. b3 Qh4 10. a3 Bc5 11. Qf3 Nb6 12. Bb2 O-O-O 13. Be2 Be7 14. O-O f6
15. exf6 Bxf6 16. Bxf6 gxf6 17. Nc3 Bb7 18. c5 Nd5 19. Bc4 Nxc3 20. Qxc3 Qg5
21. Qd4 Kb8 22. Rfe1 d6 23. Rad1 d5 24. Bf1 Rhe8 25. Qb4 Ka8 26. a4 Re5 27. f4
Rxe1 28. Rxe1 Qg7 29. Qd4 1/2-1/2

[Event "Cto de Aragon por Equipos Preferente"]
[Site "?"]
[Date "2021.04.17"]
[Round "5.38"]
[White "Torres Montes, Juan"]
[Black "Conon, Catalin"]
[Result "0-1"]
[WhiteElo "1629"]
[BlackElo "1654"]
[PlyCount "88"]
[EventDate "2021.03.13"]
[WhiteTeam "MyInvestor Casablanca B"]
[BlackTeam "Agrupacion B"]

1. c4 Nf6 2. Nc3 e6 3. e4 d5 4. e5 d4 5. exf6 dxc3 6. bxc3 Qxf6 7. Nf3 e5 8. d4
Nc6 9. Bg5 Qg6 10. d5 Nb8 11. Be3 Nd7 12. Qa4 e4 13. Nd4 Bd6 14. Nb5 O-O 15.
Nxd6 cxd6 16. O-O-O Ne5 17. Be2 Bd7 18. Qc2 Rfc8 19. Rd4 f5 20. g3 Rc7 21. Bf4
Rac8 22. Bxe5 dxe5 23. Rdd1 b5 24. d6 Rc5 25. Rd5 Rxd5 26. cxd5 Qxd6 27. Rd1
Qa3+ 28. Kd2 Qc5 29. Ke1 Qxc3+ 30. Qxc3 Rxc3 31. d6 Kf7 32. Rb1 Rc5 33. a4 a6
34. axb5 axb5 35. h3 Ke6 36. g4 f4 37. Rd1 Rd5 38. g5 Rxd1+ 39. Bxd1 Kxd6 40.
h4 Be6 41. Bc2 Bf5 42. f3 Kd5 43. Kd2 e3+ 44. Kc3 b4+ 0-1